Albo d'oro Serie A - Statistics

Statistiche generali
  • Questo quiz è stato fatto 60 volte
  • Il punteggio medio è 60 su 123
Statistiche sulle risposte
Hint Risposta % Corretto
1898 Genoa
92%
1899 Genoa
86%
1900 Genoa
86%
2024-25 Napoli
78%
2005-06 Inter
74%
2006-07 Inter
74%
2007-08 Inter
74%
2008-09 Inter
74%
2009-10 Inter
74%
2020-21 Inter
74%
2023-24 Inter
74%
2021-22 Milan
74%
2022-23 Napoli
74%
2000-01 Roma
74%
1902 Genoa
72%
2011-12 Juventus
72%
2012-13 Juventus
72%
2013-14 Juventus
72%
2014-15 Juventus
72%
2015-16 Juventus
72%
2016-17 Juventus
72%
2017-18 Juventus
72%
2018-19 Juventus
72%
2019-20 Juventus
72%
2010-11 Milan
72%
2001-02 Juventus
70%
2002-03 Juventus
70%
1999-00 Lazio
70%
2003-04 Milan
70%
1903 Genoa
68%
1904 Genoa
68%
2004-05 Juventus (revocato)
68%
1901 Milan
66%
1992-93 Milan
62%
1994-95 Juventus
60%
1996-97 Juventus
60%
1997-98 Juventus
60%
1991-92 Milan
60%
1993-94 Milan
60%
1995-96 Milan
58%
1998-99 Milan
58%
1989-90 Napoli
58%
1990-91 Sampdoria
56%
1988-89 Inter
54%
1905 Juventus
54%
1906 Milan
52%
1907 Milan
50%
1987-88 Milan
50%
1983-84 Juventus
48%
1985-86 Juventus
48%
1986-87 Napoli
48%
1981-82 Juventus
46%
1908 Pro Vercelli
46%
1909 Pro Vercelli
46%
1910-11 Pro Vercelli
46%
1948-49 Torino
46%
1984-85 Verona
46%
1909-10 Inter
44%
1979-80 Inter
44%
1949-50 Juventus
44%
1980-81 Juventus
44%
1912-13 Pro Vercelli
44%
1945-1946 Torino
44%
1946-1947 Torino
44%
1947-48 Torino
44%
1933-34 Juventus
42%
1934-35 Juventus
42%
1911-12 Pro Vercelli
42%
1942-43 Torino
42%
1932-33 Juventus
40%
1951-52 Juventus
40%
1974-75 Juventus
40%
1976-77 Juventus
40%
1977-78 Juventus
40%
1982-83 Roma
40%
1969-70 Cagliari
38%
1952-53 Inter
38%
1953-54 Inter
38%
1930-31 Juventus
38%
1978-79 Milan
38%
1975-76 Torino
38%
1964-65 Inter
36%
1965-66 Inter
36%
1970-71 Inter
36%
1931-32 Juventus
36%
1957-58 Juventus
36%
1966-67 Juventus
36%
1950-51 Milan
36%
1967-68 Milan
36%
1920-21 Pro Vercelli
36%
1963-64 Bologna
34%
1955-56 Fiorentina
34%
1925-26 Juventus
34%
1959-60 Juventus
34%
1971-72 Juventus
34%
1972-73 Juventus
34%
1973-74 Lazio
34%
1954-55 Milan
34%
1921-22 (CCI) Pro Vercelli
34%
1924-25 Bologna
32%
1962-63 Inter
32%
1956-57 Milan
32%
1961-62 Milan
32%
1921-22 (FIGC) Novese
32%
1935-36 Bologna
30%
1938-39 Bologna
30%
1940-41 Bologna
30%
1968-69 Fiorentina
30%
1914-15 Genoa
30%
1919-20 Inter
30%
1929-30 Inter
30%
1960-61 Juventus
30%
1958-59 Milan
30%
1928-29 Bologna
28%
1941-42 Roma
28%
1936-37 Bologna
26%
1913-14 Casale
26%
1937-38 Inter
26%
1939-40 Inter
26%
1923-24 Genoa
22%
1927-28 Torino
22%
1922-23 Genoa
20%
1926-27 Torino (revocato)
20%
Nessun quiz corrispondente trovato
Distribuzione punteggi
Percentuale di utenti per punteggio
Percentile per numero di risposta
I tuoi punteggi nel tempo
Non hai fatto questo quiz